proceedings of the fourth International Conference of Agriculturoal Economists held at st. andrews Scotland (Record no. 75267)
[ view plain ]
| 000 -LEADER | |
|---|---|
| fixed length control field | 00782cam a2200229 a 4500 |
| 001 - CONTROL NUMBER | |
| control field | 75267 |
| 003 - CONTROL NUMBER IDENTIFIER | |
| rucl marc code | BD-RjUL |
| 005 - DATE AND TIME OF LATEST TRANSACTION | |
| control field | 20211209082651.0 |
| 008 - FIXED-LENGTH DATA ELEMENTS--GENERAL INFORMATION | |
| fixed length control field | 870723s1937 enka 000 0 eng d |
| 035 ## - SYSTEM CONTROL NUMBER | |
| System control number | (BD-RjUL)75485 |
| 040 ## - CATALOGING SOURCE | |
| Original cataloging agency | AUC |
| Language of cataloging | eng |
| Transcribing agency | AUC |
| 041 ## - LANGUAGE CODE | |
| Language code of text/sound track or separate title | eng |
| 082 ## - DEWEY DECIMAL CLASSIFICATION NUMBER | |
| Edition number | 23 |
| Classification number | 338.1 |
| Author mark and year | PRO 1937 |
| 245 14 - TITLE STATEMENT | |
| Title | proceedings of the fourth International Conference of Agriculturoal Economists held at st. andrews Scotland |
| Statement of responsibility, etc. | 30 August to 6 september 1936 |
| 260 ## - PUBLICATION, DISTRIBUTION, ETC. (IMPRINT) | |
| Place of publication, distribution, etc. | London : |
| Name of publisher, distributor, etc. | Oxford University press, |
| Date of publication, distribution, etc. | 1937 |
| 300 ## - PHYSICAL DESCRIPTION | |
| Pagination | 528 Pages : |
| Illustrations | Ilutration |
| Size | 23 cm |
| 504 ## - BIBLIOGRAPHY, ETC. NOTE | |
| Bibliography, etc | Includes Bibliographycal Reference and Index |
| 650 ## - SUBJECT ADDED ENTRY--TOPICAL TERM | |
| Topical term or geographic name as entry element | Agriculture |
| Form subdivision | Economic aspects |
| General subdivision | Congresses. |
| 9 (RLIN) | 227977 |
| Topical term or geographic name as entry element | agricultural economics. |
| 9 (RLIN) | 227978 |
| 942 ## - ADDED ENTRY ELEMENTS (KOHA) | |
| Source of classification or shelving scheme | Dewey Decimal Classification |
| Koha item type | Books |
| Lost status | Source of classification or shelving scheme | Damaged status | Not for loan | Collection code | Permanent Location | Current Location | Shelving location | Date acquired | Total Checkouts | Full call number | Date last seen | Copy number | Koha item type |
|---|---|---|---|---|---|---|---|---|---|---|---|---|---|
| Dewey Decimal Classification | Not For Loan | Non-fiction | Central Library, University of Rajshahi | Central Library, University of Rajshahi | Reading Room | 09/02/2019 | 338.1 PRO 1937 | 09/02/2019 | C-1 | Books |